000 004060000a22001690004500
003 MACL
005 20160129124458.0
008 160129b xxu||||| |||| 00| 0 eng d
040 _aMACL
_cMACL
041 _aEnglish
082 _a823/COT
100 _aHeyer, Georgette
_935270
245 _aCotillion
260 _bArrow Publishing
_c1953
_aAfrica
650 _aFiction
_935272
942 _cBK
_k823/HEY
_2ddc
999 _c31291
_d31291